| 000 | 01042nas a2200325 4500 | ||
|---|---|---|---|
| 001 | BR0202367 | ||
| 003 | BR-BrBNA | ||
| 005 | 20231205102956.0 | ||
| 007 | ta | ||
| 008 | 230509b bl.|||p| |||| 00| 00por d | ||
| 040 |
_aBR-BrBNA _bpor _cBiblioteca Nacional de Agricultura |
||
| 041 | _a(Pt) | ||
| 072 | _aF62; P34 | ||
| 100 | 1 | _aSilva, R.M. da | |
| 100 | 1 | _aJablonski, A. | |
| 100 | 1 | _aSiewerdt, L. | |
| 100 | 1 | _aSilveira Júnior, P. | |
| 245 | 1 | _aDesenvolvimento radicular e produção de aveia preta até o estágio de grão pastoso, cultivada em solução nutritiva completa com adição de substâncias húmicas | |
| 650 | _aAVEIA FORRAGEIRA | ||
| 650 | _aGRÃO | ||
| 650 | _aRAIZ | ||
| 650 | _aSOLUÇÃO NUTRITIVA | ||
| 650 | _aMATÉRIA ORGÂNICA | ||
| 650 | _aESTUFA | ||
| 650 | _aESTATURA DE PLANTA | ||
| 650 | _aHÚMUS | ||
| 773 | 0 |
_tRevista Brasileira de Agrociência (Brazil) _xISSN 0104-8996 _g(Jan-Apr 2000), v. 6(1) p. 53-58 _wBR0202367 |
|
| 909 |
_a202311 _bLúcia _c55 _dLúcia Elande |
||
| 942 |
_2AGRIS _n0 _cANA |
||
| 999 |
_c170357 _d170357 |
||